000 00625nam a2200241 a 4500
001 0001-1070
003 ELIB.Books
008 141217 2010 eng
020 _a0913367192
035 _a(ELIB.Books)0001-1225
092 _a248.4
_bSan
100 _aSanders, J. Oswald.
245 _aEnjoying Intimacy with God
260 _aGrand Rapids
_bDiscovery House Publishers
_c2000
300 _a166
_c21 Cm/ 153
500 _aC/o Moe Lwai
650 _aChristian Life
856 _nKBTS; Library
_uKBTS; Elib.
942 _2ddc
_cBK
990 _a2
998 _cbat
_e2014-12-17
999 _c11070
_d11070